| 000 | 00442nam a2200181Ia 4500 | ||
|---|---|---|---|
| 001 | 1857 | ||
| 005 | 20260306143759.0 | ||
| 008 | 260306t1988||||xx |||||||||||||| ||spa|| | ||
| 041 | _aESP | ||
| 082 |
_a155.9 _bJ54 |
||
| 100 |
_aJiménez Burillo, Florencio _eAUT |
||
| 245 | 0 | _aIntroducción a la psicología ambiental | |
| 260 | _c1988 | ||
| 300 |
_a474 páginas : _c23 cm. |
||
| 650 | _aGEN | ||
| 654 | _aCPS | ||
| 942 |
_cLIB _dJUS _fJUS _2ddc _n |
||
| 999 |
_c1857 _d1857 |
||